000 00266nam a22001217a 4500
008 170609b xxu||||| |||| 00| 0 eng d
041 _aeng
080 _24 ED
_a327
100 _a19
101 _aSHP
245 _aEURPEAN DEMOCRACY
_cSTEINER.J
942 _2udc
_cBK
999 _c16600
_d16600